000 00909nam a22002657a 4500
999 _c65001
_d65001
005 20240530110802.0
008 190212s2014 ua ch f b 000 | ara d
017 _a2014/2340
_bمصر. دار الكتب
020 _a9789774470509
040 _aEG-CaGPL
_cEG-CaGPL
082 0 4 _221
_a743.4 /
_bإ م
100 0 _aابراهيم مرزوق
245 1 0 _aموسوعة فن البورترية /
_cاعداد ابراهيم مرزوق
250 _aط.1
260 _aالقاهرة :
_bمكتبة ابن سينا،
_c2014.
300 _a255 ص. :
_bصور ؛
_c24 سم.
504 _aيشتمل على ارجاعات ببليوجرافية
650 0 7 _2qrmak
_aالرسم
650 0 7 _2qrmak
_aرسم الاشخاص
650 0 7 _2qrmak
_aالاشخاص فى الفن
650 0 7 _2qrmak
_aالرسم بالالوان
651 _2qrmak
942 _2ddc
_cBK